• 首页
  • 本馆介绍
  • 公告通知
  • 最新文献
  • 馆藏检索
  • 电子资源
  • 读者导购
  • 参考咨询
  • 我的图书馆
  • 登录
  • 详细信息显示
  • 放入我的书架
  • 预约/预借图书
  • 作者相关作品
  • 分类相关作品
  • 丛书相关作品
  • 出版社相关作品

书目信息

  • 表格格式
  • 工作单格式
  • 卡片格式
题名:
李斯特论柏辽兹与舒曼
    
 
作者: 李斯特 , Liszt 著 ;张洪岛 译
分册:  
出版信息: 北京   人民音乐出版社  1962
页数: 174页
开本: 20cm
丛书名:
单 册:
中图分类: J605 , J05
科图分类:
主题词: 音乐欣赏--柏辽兹 , 音乐欣赏 , 音乐欣赏--舒曼 , 艺术评论 , 艺术--鉴赏
电子资源:
ISBN:
000 01100nam0 2200349 450
001 1530996882
005 20150130083710.54
010    @dCNY0.96
091    @a8026.1496
100    @a19950724e19791962em y0chiy0110 ea
101 1  @achi@chun
102    @aCN@b110000
105    @ay z 000yy
200 1  @a李斯特论柏辽兹与舒曼@9li si te lun bai liao zi yu shu man@f(匈)李斯特(F.Liszt)著@g张洪岛等译
210    @a北京@c人民音乐出版社@d1962@h1979重印
215    @a174页@d20cm
600  1 @a柏辽兹@c(Berlioz,Hector@f(1803~1869)@x生平事迹
600  1 @2CT@3S005061@a柏辽兹@c(Berlioz,Hector@f(1803~1869)
600  1 @a舒曼@c(Schuman, Robert Alexander@f1810~1856)@x生平事迹
600  1 @2CT@3S068874@a舒曼@c(Schuman, Robert Alexander@f1810~1856)
606 0  @a音乐欣赏@x柏辽兹
606 0  @a音乐欣赏
606 0  @a音乐欣赏@x舒曼
606 0  @a艺术评论
606 0  @a艺术@x鉴赏
690    @aJ605@v5
690    @aJ05@v4
701  1 @a李斯特@9li si te@bF.@4著
701  1 @aLiszt@bF.@4著
702  0 @a张洪岛@9zhang hong dao@4译
801  0 @aCN@bTSSF@c20150130
905    @aZUCC@dJ05@eJY4
    
    李斯特论柏辽兹与舒曼/(匈)李斯特(F.Liszt)著/张洪岛等译.-北京:人民音乐出版社,1962(1979重印)
    174页;20cm
    
    
    ISBN :CNY0.96
    
●
相关链接 在E读中查询图书 在五车中查询图书 在当当中查询图书 在豆瓣中查询图书


正题名:李斯特论柏辽兹与舒曼     索取号:J05/JY4         预约/预借

序号 登录号 条形码 馆藏地/架位号 状态 备注
1 7862379   278623795   学院路分馆/ [索取号:J05/JY4] 在馆    
2 7862380   278623802   学院路分馆/ [索取号:J05/JY4] 在馆    
3 7862381   278623811   学院路分馆/ [索取号:J05/JY4] 在馆    
唐山师范学院图书馆 欢迎您!
大连网信软件有限公司© 版权所有